| 000 | nam a22 7a 4500 | ||
|---|---|---|---|
| 999 |
_c232999 _d232999 |
||
| 003 | Nust | ||
| 005 | 20170227150055.0 | ||
| 008 | 170227b xxu||||| |||| 00| 0 eng d | ||
| 040 | _c0 | ||
| 050 | _a363.7 MEH | ||
| 082 | _a363.7 MEH | ||
| 100 | _aMehreen Khan | ||
| 245 |
_aEvaluating The Effect Of Overnight Stagnation On The Microbial Quality Of Drinking Water _cMehreen Khan |
||
| 260 |
_aIslamabad _bIESE (SCEE) NUST _c2014. |
||
| 300 |
_a71 p _bHB. |
||
| 440 | _aMS Environmental Science | ||
| 500 | _aThesis MS ES | ||
| 650 | _aEnvironmental Science | ||
| 700 | _4Dr. Imran Hashmi (Supervisor) | ||
| 942 |
_2ddc _cTHE _kIESE |
||